[Event "Olimpiada Calviá 2004"]
[Site "Calviá ESP"]
[Date "2004.10.20"]
[Round "6.42"]
[White "Galego, Luis"]
[Black "Denny, Kevin"]
[Result "1-0"]
[WhiteElo "2515"]
[BlackElo "2334"]
[PlyCount "169"]
[EventDate "2004.10.15"]
[EventType "team"]
[EventRounds "14"]
[EventCountry "ESP"]
[Source "lmi"]
[SourceDate "2004.10.27"]

1. e4 c5 2. Nf3 d6 3. c3 Nf6 4. Be2 Nbd7 5. d3 c4 6. O-O cxd3 7. Bxd3 g6 8. Bc4
e6 9. Re1 Qc7 10. Bb3 a6 11. Bf4 Ne5 12. a4 b6 13. Nxe5 dxe5 14. Bg5 Bg7 15.
Nd2 O-O 16. Nc4 Nd7 17. Qd6 Qxd6 18. Nxd6 Bf6 19. Bxf6 Nxf6 20. Rad1 Rb8 21. f3
b5 22. axb5 axb5 23. Ra1 Rb6 24. Nxc8 Rxc8 25. Ra7 Rd8 26. Kf2 Kf8 27. Rd1 Rxd1
28. Bxd1 Ke8 29. b4 Kf8 30. Be2 Ne8 31. Ke3 Nd6 32. h4 h6 33. Rc7 Nb7 34. Rc8+
Ke7 35. Rb8 f5 36. g4 f4+ 37. Kd2 Kf6 38. Bd3 Kf7 39. g5 hxg5 40. hxg5 Kg7 41.
Kc2 Kf7 42. Bf1 Ke7 43. Kb2 Kf7 44. Bd3 Kg7 45. Bc2 Kf7 46. Bb3 Ke7 47. Rg8 Kf7
48. Rc8 Nd6 49. Rc5 Ke7 50. Rxe5 Nf7 51. Rc5 Kd6 52. Bd1 Rb8 53. Be2 Ne5 54.
Kc1 Rh8 55. Rxb5 Rh1+ 56. Kd2 Rg1 57. Rb6+ Kd7 58. c4 Rg2 59. Ke1 Rxg5 60. c5
Rg1+ 61. Kf2 Rc1 62. Rb7+ Kd8 63. Rb8+ Kd7 64. Ra8 Rc2 65. Ke1 Ke7 66. Ra7+ Kd8
67. Kd1 Rc3 68. Kd2 Rb3 69. b5 Rb2+ 70. Kd1 g5 71. Ra8+ Kd7 72. Ra7+ Kd8 73.
Ra8+ Kd7 74. b6 g4 75. fxg4 f3 76. Ba6 f2 77. Kc1 Rb4 78. Rf8 Kc6 79. b7 f1=Q+
80. Rxf1 Kxc5 81. Rf8 Nc6 82. Rc8 Rb6 83. g5 Kd6 84. g6 Rxa6 85. g7 1-0

[Event "Olimpiada Calviá 2004"]
[Site "Calviá ESP"]
[Date "2004.10.20"]
[Round "6.42"]
[White "Warner, Delisle"]
[Black "Pinheiro, Jose"]
[Result "0-1"]
[WhiteElo "2291"]
[BlackElo "2310"]
[PlyCount "66"]
[EventDate "2004.10.15"]
[EventType "team"]
[EventRounds "14"]
[EventCountry "ESP"]
[Source "lmi"]
[SourceDate "2004.10.27"]

1. Nf3 c5 2. c4 g6 3. e4 Bg7 4. d4 cxd4 5. Nxd4 Nc6 6. Be3 d6 7. Nc3 Nf6 8. Be2
O-O 9. O-O Bd7 10. Qd2 Nxd4 11. Bxd4 Bc6 12. f3 a5 13. Rab1 Nd7 14. Be3 Nc5 15.
Rfc1 Qb6 16. b3 Rfc8 17. Kh1 Qd8 18. a3 a4 19. Bxc5 dxc5 20. Qxd8+ Rxd8 21.
Nxa4 Rd2 22. Bd1 Rf2 23. Bc2 Rd8 24. Rd1 Rxd1+ 25. Rxd1 Bxa4 26. bxa4 Rxc2 27.
Rd8+ Bf8 28. Kg1 Rxc4 29. Ra8 Rc3 30. Kf2 Rxa3 31. a5 e6 32. Ke2 c4 33. Kd2
Rxa5 0-1

[Event "Olimpiada Calviá 2004"]
[Site "Calviá ESP"]
[Date "2004.10.20"]
[Round "6.42"]
[White "Vitor, Antonio"]
[Black "Farley, Terry"]
[Result "1-0"]
[WhiteElo "2319"]
[BlackElo "2247"]
[PlyCount "211"]
[EventDate "2004.10.15"]
[EventType "team"]
[EventRounds "14"]
[EventCountry "ESP"]
[Source "lmi"]
[SourceDate "2004.10.27"]

1. e4 c5 2. Nf3 d6 3. c3 Nf6 4. Be2 g6 5. O-O Bg7 6. Bb5+ Bd7 7. Bxd7+ Nfxd7 8.
d4 O-O 9. Be3 Qb6 10. Qc2 cxd4 11. Nxd4 Qa6 12. a4 Rc8 13. Nb5 Nc6 14. Nd2 b6
15. Bg5 Nc5 16. Nc4 Ne6 17. Bh4 Qb7 18. Rad1 Bf8 19. Nba3 a6 20. Qb3 Rab8 21.
Ne3 b5 22. axb5 axb5 23. Nd5 g5 24. Bg3 b4 25. cxb4 Nxb4 26. Qe3 Nxd5 27. exd5
Nf4 28. Bxf4 gxf4 29. Qxf4 Qxb2 30. Nc4 Qc3 31. Ne3 Rc4 32. Qg5+ Qg7 33. Qf5
Rc7 34. g3 Qg6 35. Rfe1 Qxf5 36. Nxf5 Rbb7 37. Kg2 h6 38. h4 Kh7 39. h5 Rc8 40.
Re4 Rc5 41. Rf4 Bg7 42. Ne3 Kg8 43. Rd2 Rbc7 44. Re4 Bf6 45. Rd3 Rc3 46. Rg4+
Kh7 47. Rxc3 Rxc3 48. Rc4 Rxc4 49. Nxc4 Bd4 50. f4 f5 51. Na5 Kg7 52. Nc6 Bf6
53. Kf3 Kf7 54. Nd8+ Ke8 55. Ne6 Kf7 56. g4 fxg4+ 57. Kxg4 Bc3 58. Kf5 Ba5 59.
Nd4 Bc3 60. Nf3 Bf6 61. Nd2 Bc3 62. Nf1 Be1 63. Ne3 Bc3 64. Ng4 Bg7 65. Ke4 Bf8
66. f5 Bg7 67. Kf4 Bf8 68. Nf2 Bg7 69. Ng4 Bf8 70. Ke4 Bg7 71. f6 exf6 72. Kf5
Bf8 73. Nxf6 Be7 74. Ne4 Bf8 75. Nc3 Bg7 76. Nb5 Bf8 77. Nc7 Be7 78. Ne6 Bh4
79. Nd4 Bf6 80. Nf3 Bd8 81. Nd2 Be7 82. Ne4 Bf8 83. Nf2 Be7 84. Ng4 Bf8 85. Ke4
Kg7 86. Kd4 Kf7 87. Kc4 Ke7 88. Kb5 Kd7 89. Kb6 Bg7 90. Kb7 Bf8 91. Ne3 Ke7 92.
Ng4 Kd7 93. Kb8 Bg7 94. Ne3 Bc3 95. Kb7 Be5 96. Ng4 Bg7 97. Kb8 Bf8 98. Ne3 Ke7
99. Ng4 Kd7 100. Nf6+ Ke7 101. Ne4 Kd7 102. Kb7 Be7 103. Ng3 Bg5 104. Nf5 Bf4
105. Kb6 Bg5 106. Kb5 1-0

[Event "Olimpiada Calviá 2004"]
[Site "Calviá ESP"]
[Date "2004.10.20"]
[Round "6.43"]
[White "Evans-Quek, Suan-Shiau"]
[Black "Nsubuga, Grace"]
[Result "1-0"]
[WhiteElo "2293"]
[BlackElo "2217"]
[PlyCount "69"]
[EventDate "2004.10.15"]
[EventType "team"]
[EventRounds "14"]
[EventCountry "ESP"]
[Source "lmi"]
[SourceDate "2004.10.27"]

1. g3 d5 2. Bg2 Nf6 3. d3 c6 4. f4 h5 5. Nf3 a5 6. O-O Na6 7. Qe1 Nc5 8. Kh1
Bg4 9. h3 Bf5 10. Nh4 Bd7 11. e4 dxe4 12. dxe4 e6 13. Nc3 Be7 14. Be3 a4 15. a3
Bc8 16. Qf2 Qa5 17. Bd4 O-O 18. Rae1 Nfd7 19. Nf3 Qc7 20. Nd2 e5 21. Be3 exf4
22. gxf4 Qb6 23. Rb1 Qa5 24. Rg1 Ne6 25. Bf1 Bc5 26. f5 Qa7 27. Re1 Nc7 28. Qg3
Ne8 29. e5 Bd4 30. e6 fxe6 31. fxe6 h4 32. Qg5 Bxe3 33. Rxe3 Nb6 34. Bd3 Rf6
35. Bg6 1-0

[Event "Olimpiada Calviá 2004"]
[Site "Calviá ESP"]
[Date "2004.10.20"]
[Round "6.43"]
[White "Kantinti, Shadrack"]
[Black "Kett, T."]
[Result "0-1"]
[WhiteElo "2188"]
[BlackElo "2196"]
[PlyCount "104"]
[EventDate "2004.10.15"]
[EventType "team"]
[EventRounds "14"]
[EventCountry "ESP"]
[Source "lmi"]
[SourceDate "2004.10.27"]

1. e4 e5 2. Nf3 Nc6 3. Bb5 f5 4. d4 fxe4 5. Bxc6 dxc6 6. Nxe5 Nf6 7. Bg5 Bd6 8.
Bxf6 Qxf6 9. Qe2 O-O 10. Nd2 Bf5 11. g4 Be6 12. Nxe4 Qf4 13. Nxd6 cxd6 14. Ng6
hxg6 15. Qxe6+ Kh7 16. O-O Rae8 17. Qb3 Qxg4+ 18. Qg3 Qxd4 19. Rad1 Qxb2 20.
Rxd6 Qxc2 21. Rd7 Rf5 22. Rxb7 Qc5 23. Kh1 Re2 24. Rg1 Qd5+ 25. f3 Qxf3+ 26.
Qxf3 Rxf3 27. Rb3 Rff2 28. Rh3+ Kg8 29. a3 Kf7 30. Rb1 c5 31. Kg1 Rc2 32. Rf1
Rxf1+ 33. Kxf1 a5 34. Ke1 Ke6 35. Re3+ Kf5 36. h3 Kf4 37. Re7 Rc3 38. Rxg7 g5
39. Rf7+ Ke4 40. Rg7 Kf4 41. Rf7+ Ke3 42. Re7+ Kd4 43. Rg7 Rg3 44. a4 Kc4 45.
Kf2 Rxh3 46. Rxg5 Rd3 47. Ke2 Rd8 48. Ke3 Kb4 49. Rg4+ c4 50. Ke2 Kb3 51. Rg7
Kxa4 52. Rb7 c3 0-1

[Event "Olimpiada Calviá 2004"]
[Site "Calviá ESP"]
[Date "2004.10.20"]
[Round "6.44"]
[White "Ermenkov, Evgenij"]
[Black "Aderito, Pedro"]
[Result "1-0"]
[WhiteElo "2454"]
[BlackElo "2262"]
[PlyCount "59"]
[EventDate "2004.10.15"]
[EventType "team"]
[EventRounds "14"]
[EventCountry "ESP"]
[Source "lmi"]
[SourceDate "2004.10.27"]

1. e4 c6 2. d4 d5 3. Nd2 dxe4 4. Nxe4 Nd7 5. c3 Ngf6 6. Nxf6+ Nxf6 7. Bc4 e6 8.
Nf3 Qc7 9. O-O Bd6 10. Qe2 O-O 11. Re1 a5 12. Ne5 Re8 13. Bf4 b5 14. Bd3 Bb7
15. Rad1 b4 16. c4 c5 17. Bc2 cxd4 18. Rxd4 Rad8 19. Ba4 Rf8 20. Red1 Ba8 21.
Bg3 Bxe5 22. Bxe5 Qb7 23. f3 Rxd4 24. Rxd4 Rc8 25. Qd2 Ne8 26. b3 Kf8 27. h3
Qa7 28. Kh1 Qc5 29. Rd8 Rxd8 30. Qxd8 1-0

[Event "Olimpiada Calviá 2004"]
[Site "Calviá ESP"]
[Date "2004.10.20"]
[Round "6.44"]
[White "Campos, Eugenio"]
[Black "Moussa, Alaa-Eddine"]
[Result "1-0"]
[WhiteElo "2265"]
[BlackElo "2188"]
[PlyCount "95"]
[EventDate "2004.10.15"]
[EventType "team"]
[EventRounds "14"]
[EventCountry "ESP"]
[Source "lmi"]
[SourceDate "2004.10.27"]

1. e4 c6 2. d4 d5 3. exd5 cxd5 4. c4 Nf6 5. Nc3 e6 6. Nf3 Bb4 7. Bd3 dxc4 8.
Bxc4 O-O 9. O-O Nc6 10. Bg5 Be7 11. a3 b6 12. Qd3 Bb7 13. Rfd1 Nd5 14. Bd2 Nf6
15. b4 Rc8 16. Ba2 Qd6 17. b5 Na5 18. Ne5 Rfd8 19. Be1 Qb8 20. Qh3 Rd6 21. Ne2
Nd5 22. Bb4 Bf6 23. Bxd6 Qxd6 24. Qg3 Rc2 25. Re1 Rb2 26. Nd3 Qxg3 27. hxg3 Rd2
28. Nb4 Nc7 29. Rad1 Rxd1 30. Rxd1 Nxb5 31. d5 exd5 32. a4 Nc7 33. Rc1 Nc4 34.
Nxd5 Bxd5 35. Bxc4 g6 36. Bxd5 Nxd5 37. Rd1 Nc3 38. Nxc3 Bxc3 39. Rd7 a6 40.
Rd6 Ba5 41. Rd8+ Kg7 42. Ra8 h5 43. Kf1 Kf6 44. Ke2 Ke5 45. Rxa6 Kd4 46. Ra7 f6
47. Rc7 Bb4 48. Rc6 1-0

[Event "Olimpiada Calviá 2004"]
[Site "Calviá ESP"]
[Date "2004.10.20"]
[Round "6.44"]
[White "Kayle, Charles"]
[Black "Pascoal, Eduardo A"]
[Result "1/2-1/2"]
[WhiteElo "2036"]
[BlackElo "2068"]
[PlyCount "30"]
[EventDate "2004.10.15"]
[EventType "team"]
[EventRounds "14"]
[EventCountry "ESP"]
[Source "lmi"]
[SourceDate "2004.10.27"]

1. d4 d5 2. c4 e6 3. Nc3 Nf6 4. cxd5 exd5 5. Bg5 Be7 6. e3 c6 7. Bd3 Nbd7 8.
Qc2 O-O 9. Nge2 Re8 10. O-O Nf8 11. f3 Nh5 12. Bxe7 Qxe7 13. e4 Be6 14. Rad1
Rad8 15. a3 g6 1/2-1/2

[Event "Olimpiada Calviá 2004"]
[Site "Calviá ESP"]
[Date "2004.10.20"]
[Round "6.45"]
[White "Dive, Russell John"]
[Black "Khetho, Phemelo"]
[Result "1-0"]
[WhiteElo "2334"]
[BlackElo "2238"]
[PlyCount "121"]
[EventDate "2004.10.15"]
[EventType "team"]
[EventRounds "14"]
[EventCountry "ESP"]
[Source "lmi"]
[SourceDate "2004.10.27"]

1. c4 Nf6 2. Nc3 d5 3. cxd5 Nxd5 4. g3 e5 5. Bg2 c6 6. Nf3 Nxc3 7. bxc3 Bd6 8.
O-O O-O 9. d4 Nd7 10. a4 Qe7 11. a5 e4 12. Nd2 Nf6 13. Nc4 Re8 14. Qc2 Be6 15.
Nxd6 Qxd6 16. Bf4 Qd7 17. Be5 Bf5 18. Bxf6 gxf6 19. e3 Bh3 20. Bxe4 Bxf1 21.
Bxh7+ Kg7 22. Rxf1 Qd5 23. Ra1 Qf3 24. h4 Re7 25. Bd3 Rb8 26. Bf1 Qe4 27. Qd1
Rd8 28. Bg2 Qe6 29. Qh5 a6 30. Rb1 Rh8 31. Qc5 Rd7 32. c4 Qd6 33. Qxd6 Rxd6 34.
Rxb7 c5 35. Bd5 cxd4 36. exd4 Rf8 37. Kg2 f5 38. Kf3 Kf6 39. Kf4 Kg7 40. f3 Rf6
41. Rb6 Rd8 42. h5 Rh8 43. Kg5 Rfh6 44. g4 fxg4 45. fxg4 Rxb6 46. axb6 Rd8 47.
b7 a5 48. h6+ Kf8 49. Kf6 Rd6+ 50. Ke5 Rd8 51. c5 Ke7 52. g5 a4 53. c6 Re8 54.
Kf5 Rd8 55. c7 Rxd5+ 56. Ke4 a3 57. c8=Q a2 58. Qc7+ Ke6 59. Qc6+ Ke7 60. Qf6+
Kd7 61. Qxf7+ 1-0

[Event "Olimpiada Calviá 2004"]
[Site "Calviá ESP"]
[Date "2004.10.20"]
[Round "6.45"]
[White "Hosiah, Olebogeng"]
[Black "Smith, Robert W"]
[Result "1/2-1/2"]
[WhiteElo "2124"]
[BlackElo "2251"]
[PlyCount "172"]
[EventDate "2004.10.15"]
[EventType "team"]
[EventRounds "14"]
[EventCountry "ESP"]
[Source "lmi"]
[SourceDate "2004.10.27"]

1. e4 c5 2. Nf3 e6 3. d4 cxd4 4. Nxd4 a6 5. Nc3 Qc7 6. Be3 b5 7. Bd3 Nf6 8. O-O
Bb7 9. f3 Be7 10. a3 O-O 11. Kh1 d5 12. exd5 Nxd5 13. Nxd5 Bxd5 14. c3 Nd7 15.
f4 Nc5 16. Bc2 Qb7 17. Nf3 Rad8 18. Bd4 Be4 19. Qe2 Bxc2 20. Qxc2 Qe4 21. Qxe4
Nxe4 22. Rfe1 Nd6 23. Ne5 Rc8 24. Rad1 Rfe8 25. Re2 Nf5 26. Bf2 Bd6 27. g3 h5
28. Kg2 Bxe5 29. fxe5 Ne7 30. Rd6 Ra8 31. h3 Rec8 32. Red2 Kf8 33. Bb6 Ke8 34.
g4 hxg4 35. hxg4 Ng6 36. Bd4 a5 37. Kg3 Rd8 38. Kf3 a4 39. Ke4 Rac8 40. Rb6 Rb8
41. Rd6 Rbc8 42. Rf2 Rxd6 43. exd6 f6 44. Rh2 Rc4 45. Kf3 e5 46. Be3 e4+ 47.
Kg3 Rc6 48. Rd2 Kd7 49. Rd5 Rxd6 50. Rxb5 Rd3 51. Kf2 Ne5 52. Rb7+ Ke6 53. Rxg7
Nc4 54. Bc1 Rd1 55. Rc7 Ne5 56. Bf4 Nd3+ 57. Ke2 Rb1 58. Ke3 Re1+ 59. Kd2 Rg1
60. Rc4 Rg2+ 61. Ke3 Nxb2 62. Rxe4+ Kf7 63. Bd6 Rc2 64. Bb4 Kg6 65. Rf4 Kg5 66.
Rf5+ Kxg4 67. Rxf6 Nd1+ 68. Kd3 Rc1 69. Kd2 Rb1 70. Kc2 Kg5 71. Kxb1 Kxf6 72.
Kc2 Nf2 73. c4 Ke6 74. Bf8 Kd7 75. Kc3 Ne4+ 76. Kb4 Kc6 77. Kxa4 Nd2 78. Kb4
Nxc4 79. Kxc4 Kb7 80. Kb5 Ka8 81. a4 Ka7 82. a5 Kb7 83. Kc5 Ka8 84. Kc6 Kb8 85.
Bd6+ Ka7 86. Kc7 Ka8 1/2-1/2

[Event "Olimpiada Calviá 2004"]
[Site "Calviá ESP"]
[Date "2004.10.20"]
[Round "6.45"]
[White "Green, Peter"]
[Black "Boikhutswane, Kenneth"]
[Result "1-0"]
[WhiteElo "2268"]
[BlackElo "2125"]
[PlyCount "139"]
[EventDate "2004.10.15"]
[EventType "team"]
[EventRounds "14"]
[EventCountry "ESP"]
[Source "lmi"]
[SourceDate "2004.10.27"]

1. d4 Nf6 2. Nf3 g6 3. c4 Bg7 4. Nc3 O-O 5. e4 d6 6. Be2 e5 7. O-O Na6 8. Be3
exd4 9. Nxd4 Nc5 10. f3 Ne6 11. Qd2 Bd7 12. Rad1 a6 13. Rc1 Re8 14. Rfd1 Rc8
15. Bf1 Qe7 16. a3 Qf8 17. b4 Red8 18. Nde2 h6 19. Nd5 Kh7 20. Nec3 Be8 21. a4
Nd7 22. a5 Ne5 23. Rb1 g5 24. Rdc1 Ng6 25. Ne2 Be5 26. Ng3 Ng7 27. b5 Bd7 28.
bxa6 bxa6 29. Rb7 Ne6 30. Rcb1 Nc5 31. Rxc7 Nf4 32. Rxc8 Bxc8 33. Nxf4 gxf4 34.
Bxf4 Ne6 35. Be3 Qe8 36. Bxh6 Qh8 37. Be3 Bc3 38. Qd5 Kg8 39. Qh5 Qf6 40. Qh6
Qxh6 41. Bxh6 Bxa5 42. Be3 Nc5 43. e5 Ne6 44. exd6 Rxd6 45. Nf5 Rd8 46. c5 Nc7
47. Ne7+ Kf8 48. Nxc8 Rxc8 49. Ra1 Bb4 50. Bc4 a5 51. c6 Ne8 52. Bb5 Nd6 53.
Ba4 Nf5 54. Bb6 Ne7 55. Rc1 Nd5 56. Bc5+ Kg7 57. Rc4 Bxc5+ 58. Rxc5 Nb6 59.
Rxa5 Nxa4 60. Rxa4 Rxc6 61. Kf2 Rb6 62. g4 Rh6 63. Kg3 Rb6 64. h4 Kg6 65. h5+
Kg7 66. g5 Rb5 67. Kg4 Rc5 68. Ra7 Kg8 69. f4 Rb5 70. g6 1-0

[Event "Olimpiada Calviá 2004"]
[Site "Calviá ESP"]
[Date "2004.10.20"]
[Round "6.46"]
[White "Matamoros Franco, Carlos S"]
[Black "Baules, Jorge"]
[Result "1-0"]
[WhiteElo "2513"]
[BlackElo "2275"]
[PlyCount "91"]
[EventDate "2004.10.15"]
[EventType "team"]
[EventRounds "14"]
[EventCountry "ESP"]
[Source "lmi"]
[SourceDate "2004.10.27"]

1. Nf3 Nf6 2. c4 g6 3. g3 Bg7 4. Bg2 O-O 5. O-O d6 6. d4 Nc6 7. Nc3 Rb8 8. d5
Na5 9. b3 c5 10. dxc6 Nxc6 11. Bb2 Ne4 12. Qc1 Nxc3 13. Bxc3 Bxc3 14. Qxc3 Qa5
15. Qe3 Qf5 16. Rad1 Qf6 17. h3 b6 18. Ng5 Bb7 19. Ne4 Qg7 20. Nc3 Qe5 21. Qd2
Rfd8 22. Kh2 Qg7 23. f4 e6 24. g4 Ne7 25. e4 Kh8 26. Rf2 f5 27. exf5 gxf5 28.
Bxb7 Rxb7 29. Rg2 Rg8 30. Rdg1 Ng6 31. gxf5 exf5 32. Rg5 Rf7 33. R1g3 Qf6 34.
Nd5 Qa1 35. Rc3 Nh4 36. Rxg8+ Kxg8 37. Qe2 Ng6 38. Rg3 Kf8 39. Re3 Qd4 40. Re8+
Kg7 41. Qg2 Rf8 42. Re2 Kf7 43. Qg5 Kg7 44. Rg2 Rf7 45. h4 Rf8 46. h5 1-0

[Event "Olimpiada Calviá 2004"]
[Site "Calviá ESP"]
[Date "2004.10.20"]
[Round "6.47"]
[White "Mikheev, Stanislav"]
[Black "Ghaem Maghami, Ehsan"]
[Result "0-1"]
[WhiteElo "2352"]
[BlackElo "2558"]
[PlyCount "92"]
[EventDate "2004.10.15"]
[EventType "team"]
[EventRounds "14"]
[EventCountry "ESP"]
[Source "lmi"]
[SourceDate "2004.10.27"]

1. e4 c5 2. Nf3 e6 3. Nc3 a6 4. d4 cxd4 5. Nxd4 b5 6. Bd3 Bb7 7. O-O Qc7 8. Kh1
Nf6 9. Qe2 d6 10. f4 Nbd7 11. Bd2 Be7 12. Rae1 b4 13. Nd1 Nc5 14. Nf2 Qb6 15.
Nb3 O-O 16. Nxc5 Qxc5 17. e5 dxe5 18. fxe5 Qc6 19. Nh3 Nd7 20. Qg4 h5 21. Qe4
Qxe4 22. Bxe4 Bxe4 23. Rxe4 a5 24. Nf4 Rfd8 25. Nxh5 Nxe5 26. Be3 Ng6 27. Nf4
Nxf4 28. Bxf4 Rac8 29. Re2 Rc6 30. h3 Rdc8 31. Rff2 Bc5 32. Rf3 Bb6 33. Be3
Bxe3 34. Rfxe3 Rxc2 35. Rxc2 Rxc2 36. Re5 a4 37. Ra5 Rxb2 38. Rxa4 e5 39. a3 b3
40. Rb4 f5 41. Rb5 e4 42. Rxf5 Rb1+ 43. Kh2 b2 44. Rf2 Rh1+ 45. Kxh1 b1=Q+ 46.
Kh2 e3 0-1

[Event "Olimpiada Calviá 2004"]
[Site "Calviá ESP"]
[Date "2004.10.20"]
[Round "6.47"]
[White "Zhidkov, Valery S"]
[Black "Ghane, Shojaat"]
[Result "0-1"]
[WhiteElo "2394"]
[BlackElo "2376"]
[PlyCount "69"]
[EventDate "2004.10.15"]
[EventType "team"]
[EventRounds "14"]
[EventCountry "ESP"]
[Source "lmi"]
[SourceDate "2004.10.27"]

1. Nf3 d5 2. g3 Bg4 3. Bg2 Nd7 4. c4 e6 5. Qa4 Ngf6 6. Ne5 Bh5 7. cxd5 exd5 8.
g4 Bg6 9. g5 b5 10. Qxb5 Rb8 11. Qa4 Rb4 12. Qxa7 Bc5 13. Qa5 Nxe5 14. gxf6 O-O
15. d4 Rxd4 16. Qxc5 Rc4 17. Qe3 Ng4 18. Qd2 Rc2 19. Qf4 Rc4 20. Qd2 Qxf6 21.
Bf3 Ne5 22. Bxd5 Rd8 23. Nc3 c6 24. Qg5 cxd5 25. Qxf6 gxf6 26. f4 Nc6 27. O-O
d4 28. f5 Bh5 29. Rf4 Ne5 30. Ne4 Bxe2 31. Rf2 d3 32. Ng3 Rc2 33. Ne4 Rd4 34.
Nd2 Rg4+ 35. Rg2 0-1

[Event "Olimpiada Calviá 2004"]
[Site "Calviá ESP"]
[Date "2004.10.20"]
[Round "6.47"]
[White "Ghorbani, Mohsen"]
[Black "Talla, Vladimir"]
[Result "0-1"]
[WhiteElo "2343"]
[BlackElo "2385"]
[PlyCount "109"]
[EventDate "2004.10.15"]
[EventType "team"]
[EventRounds "14"]
[EventCountry "ESP"]
[Source "lmi"]
[SourceDate "2004.10.27"]

1. d4 d5 2. c4 c6 3. Nf3 e6 4. g3 Nf6 5. Bg2 Be7 6. O-O O-O 7. Qd3 b6 8. Nc3
Bb7 9. Rd1 Nbd7 10. e4 Rc8 11. e5 Ne8 12. cxd5 cxd5 13. h4 h6 14. Be3 Nc7 15.
Qd2 Ba6 16. Ne2 Bb5 17. Nf4 a5 18. a3 Re8 19. Nh5 g6 20. Nf6+ Nxf6 21. exf6 Bf8
22. Ne5 Na6 23. Bxh6 Bxh6 24. Qxh6 Qxf6 25. Qe3 Nb8 26. Qb3 Ba6 27. Qxb6 Rc2
28. Ng4 Qd8 29. Qb3 Rc7 30. Qf3 Kg7 31. Qf4 Nd7 32. Rdc1 Rb7 33. Rc6 Be2 34.
Ne5 Qf6 35. Qe3 Bb5 36. Nxd7 Rxd7 37. Rb6 Ba4 38. b3 Qd8 39. bxa4 Qxb6 40. h5
e5 41. Rd1 gxh5 42. Bh3 Rde7 43. Bf1 Qf6 44. Kg2 h4 45. Bb5 Rh8 46. Re1 h3+ 47.
Kh2 exd4 48. Qd2 Rxe1 49. Qxe1 Qf3 50. Bf1 d3 51. Qc3+ f6 52. Qd4 Re8 53. Qa7+
Kg6 54. Qd4 Re2 55. Bxh3 0-1

[Event "Olimpiada Calviá 2004"]
[Site "Calviá ESP"]
[Date "2004.10.20"]
[Round "6.48"]
[White "Mok, Tze-Meng"]
[Black "Gillani, Tunveer"]
[Result "1-0"]
[WhiteElo "2336"]
[BlackElo "2277"]
[PlyCount "91"]
[EventDate "2004.10.15"]
[EventType "team"]
[EventRounds "14"]
[EventCountry "ESP"]
[Source "lmi"]
[SourceDate "2004.10.27"]

1. e4 c5 2. Nf3 Nc6 3. Bb5 g6 4. Bxc6 dxc6 5. h3 Bg7 6. O-O Nf6 7. d3 O-O 8.
Nc3 b6 9. Bf4 h6 10. Qd2 Kh7 11. Ne5 Qe8 12. Bh2 Nd7 13. Nc4 Ba6 14. Ne3 e5 15.
f4 exf4 16. Rxf4 Ne5 17. Raf1 Rd8 18. Kh1 h5 19. g4 Bh6 20. gxh5 Bxf4 21. Rxf4
Qe7 22. Rf5 Nc4 23. Nxc4 Bxc4 24. Re5 Qf6 25. Qg2 Be6 26. Ne2 Rg8 27. Rg5 Qxb2
28. Be5 Qb1+ 29. Kh2 Qxc2 30. Qf3 Rg7 31. Qf6 Rdg8 32. hxg6+ fxg6 33. Rg2 g5
34. Qxe6 Qxd3 35. Qf5+ Kh6 36. Nf4 Qf3 37. Qf6+ Kh7 38. Qf5+ Kh6 39. Bxg7+ Rxg7
40. Ne6 Qxf5 41. exf5 Rf7 42. Rxg5 Rf6 43. h4 c4 44. Kg3 b5 45. Kg4 c3 46. Rh5#
1-0

[Event "Olimpiada Calviá 2004"]
[Site "Calviá ESP"]
[Date "2004.10.20"]
[Round "6.48"]
[White "Lodhi, Mahmood"]
[Black "Lim, Yee-Weng"]
[Result "1/2-1/2"]
[WhiteElo "2385"]
[BlackElo "2346"]
[PlyCount "121"]
[EventDate "2004.10.15"]
[EventType "team"]
[EventRounds "14"]
[EventCountry "ESP"]
[Source "lmi"]
[SourceDate "2004.10.27"]

1. d4 e6 2. c4 f5 3. Nf3 Nf6 4. g3 Be7 5. Bg2 O-O 6. O-O d6 7. Nc3 Qe8 8. Qc2
Qg6 9. b3 Nc6 10. e3 Bd7 11. Bb2 Rae8 12. a3 e5 13. dxe5 dxe5 14. Nd5 Bd8 15.
Rfd1 Bc8 16. Nd2 e4 17. b4 Ne5 18. Bxe5 Rxe5 19. Nf4 Qf7 20. c5 Kh8 21. Nc4
Ree8 22. Rd2 Nh5 23. Rad1 Nxf4 24. exf4 Bf6 25. Ne3 Be6 26. Bf1 Bb3 27. Bc4
Bxc2 28. Bxf7 Bxd1 29. Bxe8 Bb3 30. Bb5 g6 31. Rd7 Rf7 32. Rd2 Rf8 33. c6 bxc6
34. Bxc6 Rd8 35. Rxd8+ Bxd8 36. Bd5 Ba4 37. Nc4 Bb3 38. Ne3 Ba4 39. Bc4 c6 40.
Ba6 Bf6 41. Nc4 Bd4 42. Ne5 Bxe5 43. fxe5 Kg7 44. Bc4 Kf8 45. h4 Bb5 46. Bb3
Ba6 47. h5 Bc8 48. h6 Ke7 49. Bg8 Be6 50. Bxh7 Bf7 51. f4 exf3 52. Kf2 Ke6 53.
Kxf3 Kxe5 54. Ke3 a6 55. a4 Kf6 56. Kf4 Bd5 57. g4 fxg4 58. Kxg4 Bf7 59. Kf4
Bb3 60. Kg4 Bf7 61. Kf4 1/2-1/2

[Event "Olimpiada Calviá 2004"]
[Site "Calviá ESP"]
[Date "2004.10.20"]
[Round "6.48"]
[White "Leong, Mun Wan"]
[Black "Amir, Karim"]
[Result "1-0"]
[WhiteElo "2205"]
[BlackElo "2250"]
[PlyCount "95"]
[EventDate "2004.10.15"]
[EventType "team"]
[EventRounds "14"]
[EventCountry "ESP"]
[Source "lmi"]
[SourceDate "2004.10.27"]

1. e4 c5 2. Nf3 Nc6 3. d4 cxd4 4. Nxd4 Nf6 5. Nc3 e5 6. Ndb5 d6 7. Bg5 a6 8.
Na3 b5 9. Nd5 Be7 10. Bxf6 Bxf6 11. c3 O-O 12. Nc2 Bg5 13. a4 bxa4 14. Rxa4 a5
15. Bb5 Ne7 16. Nce3 Be6 17. O-O g6 18. Nxe7+ Bxe7 19. Bc4 Bd7 20. Ra2 Kh8 21.
Qd3 f5 22. Rfa1 fxe4 23. Qxe4 Bg5 24. b4 Bxe3 25. Qxe3 a4 26. b5 Rb8 27. Rb2
Rf4 28. Bf1 Qa5 29. g3 Rff8 30. c4 Bc6 31. Qd2 Qxd2 32. Rxd2 Be4 33. Rxd6 Bc2
34. c5 Rfc8 35. c6 Rc7 36. Rc1 Bf5 37. Rd5 a3 38. Ra1 a2 39. Rxe5 Bb1 40. f4
Kg7 41. Kf2 Kf6 42. Bc4 Ra7 43. Ke3 Re7 44. Kd4 Rd8+ 45. Rd5 Rb8 46. Kc5 Be4
47. Rd6+ Kf5 48. Rxa2 1-0

[Event "Olimpiada Calviá 2004"]
[Site "Calviá ESP"]
[Date "2004.10.20"]
[Round "6.48"]
[White "Mirza, Shahzad"]
[Black "Zarul Shazwan, Zullkafli"]
[Result "1/2-1/2"]
[WhiteElo "2279"]
[BlackElo "2020"]
[PlyCount "88"]
[EventDate "2004.10.15"]
[EventType "team"]
[EventRounds "14"]
[EventCountry "ESP"]
[Source "lmi"]
[SourceDate "2004.10.27"]

1. d4 d5 2. c4 e6 3. Nc3 Nf6 4. Bg5 Nbd7 5. e3 c6 6. cxd5 exd5 7. Bd3 Be7 8.
Qc2 O-O 9. Nf3 h6 10. Bh4 Re8 11. O-O Ne4 12. Bxe7 Qxe7 13. b4 Ng5 14. Nxg5
Qxg5 15. b5 Nb6 16. a4 Bd7 17. bxc6 Bxc6 18. Nb5 Bxb5 19. axb5 Rec8 20. Qe2 Qe7
21. Qf3 Rc3 22. Rfd1 Qb4 23. h4 Qd6 24. g3 Nc4 25. Rab1 Nb6 26. h5 Nd7 27. Qf5
Nf6 28. Rdc1 Qc7 29. Rxc3 Qxc3 30. g4 Qc8 31. Kg2 Qxf5 32. Bxf5 a5 33. bxa6
bxa6 34. Ra1 a5 35. f3 Kf8 36. e4 Ke7 37. e5 Ne8 38. Kf2 Nc7 39. Ke3 a4 40. Bd3
a3 41. f4 Ne6 42. f5 Nc7 43. Ra2 Ra4 44. Be2 Na6 1/2-1/2

[Event "Olimpiada Calviá 2004"]
[Site "Calviá ESP"]
[Date "2004.10.20"]
[Round "6.49"]
[White "Chau, Sau Ming"]
[Black "Canda, Danilo"]
[Result "0-1"]
[WhiteElo "2230"]
[BlackElo "2335"]
[PlyCount "100"]
[EventDate "2004.10.15"]
[EventType "team"]
[EventRounds "14"]
[EventCountry "ESP"]
[Source "lmi"]
[SourceDate "2004.10.27"]

1. d4 Nf6 2. c4 e6 3. Nc3 Bb4 4. e3 b6 5. Nf3 Bb7 6. Bd3 Ne4 7. Qc2 f5 8. O-O
Bxc3 9. bxc3 O-O 10. a4 Rf6 11. Nd2 Rh6 12. Bxe4 Qh4 13. Nf3 Qxe4 14. Qxe4 fxe4
15. Ng5 Rh5 16. f4 h6 17. Nh3 Ra5 18. Nf2 Ba6 19. Nxe4 Bxc4 20. Rf2 Bb3 21. Nd2
Bxa4 22. Nc4 Ra6 23. Rfa2 Bb5 24. Rxa6 Bxa6 25. Ne5 Bb7 26. Kf2 d6 27. Nd3 Nd7
28. g3 Nf6 29. Bd2 a5 30. Nb2 e5 31. Nd3 exd4 32. cxd4 Ba6 33. Nb2 Ne4+ 34. Ke1
Kf7 35. Nd1 Ke6 36. Nc3 Nxc3 37. Bxc3 Kd5 38. Kf2 Bd3 39. Rc1 Ra6 40. Bb2 c6
41. g4 b5 42. Kf3 b4 43. f5 a4 44. Ra1 a3 45. Bc1 c5 46. dxc5 dxc5 47. h4 c4
48. Kf4 c3 49. g5 hxg5+ 50. hxg5 a2 0-1